Get the Picture: Female Friends Quiz Stats

 Plays Quiz Updated Mar 13, 2019

Score 0/15 Timer 02:00
8 Plays Today
Question Answer Wrong Answers
Who wrote the song Smelly Cat? Phoebe Buffay
96.5%
Monica Geller
0.7%
Rachel Green
0.7%
Who has a twin sister named Ursula? Phoebe Buffay
95.7%
Monica Geller
1.2%
Rachel Green
0.9%
Who works as a masseuse? Phoebe Buffay
95.1%
Monica Geller
1.3%
Rachel Green
1.4%
Who claims to have memories of her past lives? Phoebe Buffay
94.9%
Monica Geller
1.6%
Rachel Green
1.3%
Who is notorious for her obsessive cleanliness? Monica Geller
94.5%
Phoebe Buffay
1.5%
Rachel Green
1.6%
Who is a trained chef and ran a short-lived catering business? Monica Geller
94.3%
Phoebe Buffay
2%
Rachel Green
1.5%
Who acted as a surrogate for her younger half-brother and his wife? Phoebe Buffay
93.2%
Monica Geller
3%
Rachel Green
1.8%
Who worked as an executive at Ralph Lauren? Rachel Green
93.1%
Monica Geller
3.3%
Phoebe Buffay
1.5%
Who was famously overweight in high school? Monica Geller
92.6%
Phoebe Buffay
1.8%
Rachel Green
3.2%
Who left her fiancé at the altar, climbing out of the bathroom window? Rachel Green
92.3%
Monica Geller
2.7%
Phoebe Buffay
2.7%
Who is Gunther, the manager of Central Perk, secretly in love with? Rachel Green
92.1%
Monica Geller
1.9%
Phoebe Buffay
3.8%
Who drunkenly got married in Las Vegas? Rachel Green
89.8%
Monica Geller
4.5%
Phoebe Buffay
3.4%
Whose parents are called Jack and Judy? Monica Geller
89%
Phoebe Buffay
2.7%
Rachel Green
6%
Who was a member of the sorority Kappa Kappa Delta in college? Rachel Green
83.9%
Monica Geller
8.7%
Phoebe Buffay
5.1%
Who dated the self-made millionaire Pete Becker? Monica Geller
83.2%
Phoebe Buffay
5.2%
Rachel Green
9.5%

Today's Daily Dose

Missing Word
Sherlocks

Word Ladder
King of the Hill

Quick Pick
Songs in Pink

Get the Picture
NBA Teammates

You're not logged in!

Compare scores with friends on all Sporcle quizzes.
OR
Log In

Sporcle TV

Today on Sporcle TV


Watch our educational content, quiz creation guides, and fun videos on Sporcle TV.

Show Comments

Extras

Top Quizzes Today


Score Distribution

Your Account Isn't Verified!

In order to create a playlist on Sporcle, you need to verify the email address you used during registration. Go to your Sporcle Settings to finish the process.

Report this User

Report this user for behavior that violates our Community Guidelines.

Details: